000 00627nam a2200229Ia 4500
003 OSt
005 20220923213500.0
006 a|||||r|||| 00| 0
007 ta
008 220922b |||||||| |||| 00| 0 hin d
024 _a162,343
037 _cTextual
040 _aARTS
_cARTS
_bhin
041 _2hin
_ahin
082 _aO152:2N217x2, K3
100 _aचोपड़ा, मोहन
245 0 _aचट्टान का फूल
246 _aChaṭṭān kā fūla
260 _c1963
942 _hO152:2N217x2, K3
_cTEXL
_2CC
999 _c316844
_d316844